| Tag |
First Indicator |
Second Indicator |
Subfields |
| LEADER |
00000cam a22000008a 4500 |
| 001 |
in00000014457 |
| 005 |
20151007052223.0 |
| 008 |
870508s1988 txu b s00000 eng |
| 010 |
|
|
|a 87010166
|
| 020 |
|
|
|a 0890963738 (alk. paper) :
|c $17.50
|
| 035 |
|
|
|a (OCoLC)15789617
|
| 035 |
|
|
|9 AAA6826AM
|
| 040 |
|
|
|a DLC
|c DLC
|d m/c
|d TXA
|d UtOrBLW
|
| 043 |
|
|
|a n------
|
| 049 |
|
|
|a TXAM
|c 1 [A11486169], 2 [A11150019]
|a TXAS
|c 3 [pres]
|
| 050 |
0 |
0 |
|a E121
|b .E87 1988
|
| 082 |
0 |
|
|a 970.01
|2 19
|
| 245 |
0 |
0 |
|a Essays on the history of North American discovery and exploration /
|c by David B. Quinn [and others] ; introduction by Howard R. Lamar ; edited by Stanley H. Palmer and Dennis Reinhartz.
|
| 250 |
|
|
|a 1st ed.
|
| 264 |
|
1 |
|a College Station, TX :
|b Published for the University of Texas at Arlington by Texas A&M University Press,
|c [1988]
|
| 264 |
|
4 |
|c ©1988
|
| 300 |
|
|
|a xiii, 140 pages
|
| 336 |
|
|
|a text
|b txt
|2 rdacontent
|
| 337 |
|
|
|a unmediated
|b n
|2 rdamedia
|
| 338 |
|
|
|a volume
|b nc
|2 rdacarrier
|
| 490 |
1 |
|
|a The Walter Prescott Webb memorial lectures ;
|v no. 21
|
| 504 |
|
|
|a Includes bibliographical references.
|
| 651 |
|
0 |
|a America
|x Discovery and exploration.
|
| 651 |
|
0 |
|a North America
|x Description and travel.
|
| 700 |
1 |
|
|a Palmer, Stanley H.
|
| 700 |
1 |
|
|a Reinhartz, Dennis.
|
| 830 |
|
0 |
|a Walter Prescott Webb memorial lectures ;
|v 21.
|
| 999 |
|
|
|a MARS
|
| 999 |
f |
f |
|s 428b6c06-07b1-3c59-ad6a-eaa2740ec288
|i fd1fca2d-92d0-3b70-8c42-0c17d56653ea
|t 0
|
| 952 |
f |
f |
|p ric
|a Texas A&M University
|b Rellis Campus
|c Joint Library Facility
|d Remote Storage
|t 0
|e E121 .E87 1988
|h Library of Congress classification
|i unmediated -- volume
|m A14811150019
|
| 952 |
f |
f |
|p noncirc
|a Texas A&M University
|b College Station
|c Cushing Memorial Library & Archives
|d Cushing: Texas A&M Press (Does not check out)
|t 0
|e E121 .E87 1988
|h Library of Congress classification
|i unmediated -- volume
|
| 998 |
f |
f |
|a E121 .E87 1988
|t 0
|l Remote Storage
|
| 998 |
f |
f |
|a E121 .E87 1988
|t 0
|l Cushing: Texas A&M Press (Does not check out)
|